=LDR 00000nam 2200000 4500 =001 INLIS000000000028050 =005 20130612130401 =008 ************************************* =035 ##$$0010-061300000028050 =082 ##$$a 643.604 =090 ##$$a 643.604, Dar p =100 ##$$a Daryanto =245 ##$$a Perawatan alat rumah tangga, Daryanto ; editor, Herni Rahayu =260 ##$$a 2002 $b Semarang =300 ##$$a vi, 134 hlm, ilus, 20 cm =650 ##$$a Alat Rumah Tangga-Perawatan =700 ##$$a Rahayu, Herni =850 ##$$a NBPNMAT